000 00652nam a2200241Ia 4500
003 OSt
005 20220918223934.0
006 a|||||r|||| 00| 0
007 ta
008 220917b |||||||| |||| 00| 0 eng d
024 _a225,795
037 _cTextual
040 _aARTS
_cARTS
_beng
041 _2eng
_aeng
082 _aY:1-351.2, P5
100 _aPandey S.P.
_939234
245 0 _aFolk culture in India
260 _aNew Delhi
_bSerials pub.
_c2005
300 _a450p
_ccm.
700 _a Singh Awadhesh Kumar
_9146904
942 _hY:1-351.2, P5
_cTEXL
_2CC
999 _c279777
_d279777